LDR 01110naa#a2200253#i#450# 001 EN\RIOR\bibl\126194 005 20260629170912.1 011 ## _a2409-6024 100 ## _a20260530b2026####ek#y0engy0150####ca 102 ## _aRU 200 1# _aEnsuring the Economic Security of the Timber Industry Complex Based on the Integration of Digital Firefighting Systems and Innovative Reforestation _eJournal article 210 1# _aMoscow _cPublishing Center RIOR _d2026 215 ## _a6 с. 606 ## _aЭкономика и управление. 38.00.00 _2local 608 ## _aJournal article _2local 675 ## _aЭкономика. Народное хозяйство. Экономические науки. 33 _z 686 ## _aОБЩЕСТВЕННЫЕ НАУКИ. 6 _2bbk 686 ## _aОБЩЕСТВЕННЫЕ НАУКИ. ЭКОНОМИКА. ПРАВО.. 7 _2tbk 686 ## _aЭКОНОМИКА И ЭКОНОМИЧЕСКИЕ НАУКИ. 06.00 _2grnti 700 #1 _aBulgakova _gM. A. 700 #1 _aNaumenko _gSvetlana Nikolaevna 700 #1 _aMazin _gAleksandr Leonidovich 700 #1 _aYashina _gNadezhda Igorevna 856 4# _ariorpub.com _u